Miss Universe Host Countries & Colonies - Statistics

General Stats
  • This quiz has been taken 558 times
  • The average score is 14 of 23
Answer Stats
Hint Answer % Correct
1952-71; 1981 ; 1983-85 ; 1990-91 ; 1996-98 ; 2006 ; 2010 ; 2012 USA
98%
2011 Brazil
88%
1978 ; 1989 ; 1993 ; 2007 Mexico
88%
2013 Russia
84%
1992 ; 2005 Thailand
79%
1974 ; 1994 Philippines
78%
1979 Australia
77%
1972 ; 2001-02 Puerto Rico
71%
2008 Vietnam
70%
1986 ; 2003 Panama
66%
2009 Bahamas
65%
1973 Greece
63%
2004 Ecuador
56%
1980 South Korea
56%
1982 Peru
55%
2000 Cyprus
50%
1977 Dominican Republic
48%
1988 Taiwan
48%
1987 Singapore
47%
1999 Trinidad and Tobago
45%
1995 Namibia
41%
1975 El Salvador
40%
1976 Hongkong
36%
No matching quizzes found
Score Distribution
Percent of People with Each Score
Percentile by Number Answered
Your Score History
You have not taken this quiz